When Each Province and Territory of Canada Entered Confederation - Statistics

General Stats
  • This quiz has been taken 24 times
  • The average score is 7 of 8
Answer Stats
Year Province/Territory % Correct
1871 British Columbia
100%
1870 Manitoba | Northwest Territories
100%
1867 Ontario | Quebec | Nova Scotia | New Brunswick
100%
1873 Prince Edward Island
95%
1905 Saskatchewan | Alberta
95%
1949 Newfoundland and Labrador
86%
1898 Yukon
86%
1999 Nunavut
81%
No matching quizzes found
Score Distribution
Percent of People with Each Score
Percentile by Number Answered
Your Score History
You have not taken this quiz